ՀՀ Գիտությունների ազգային ակադեմիայի հիմնարար գիտական գրադարան  =   Fundamental Scientific Library of NAS RA

Большевистская партийная периодическая печать в период подготовки и проведения Великой Октябрской социалистической революции : (Record no. 506776)

MARC details
000 -LEADER
fixed length control field 01188nam a2200217 a 4500
001 - CONTROL NUMBER
control field 001006551
003 - CONTROL NUMBER IDENTIFIER
control field AM-YeHGA
005 - DATE AND TIME OF LATEST TRANSACTION
control field 20250617163442.0
008 - FIXED-LENGTH DATA ELEMENTS--GENERAL INFORMATION
fixed length control field 140312s1957 ru r 000 0 rus d
040 ## - CATALOGING SOURCE
Original cataloging agency AM-YeHGA
041 0# - LANGUAGE CODE
Language code of text/sound track or separate title rus
090 ## - LOCALLY ASSIGNED LC-TYPE CALL NUMBER (OCLC); LOCAL CALL NUMBER (RLIN)
-- 510200
245 00 - TITLE STATEMENT
Title Большевистская партийная периодическая печать в период подготовки и проведения Великой Октябрской социалистической революции :
Remainder of title (Март-ноябрь 1917 г.). Библиографический указатель /
Statement of responsibility, etc. Ин-т марксизма-ленинизма при ЦК КПСС.
246 14 - VARYING FORM OF TITLE
Title proper/short title Большевистская партийная периодическая печать
Remainder of title (Март-ноябрь 1917 г.)
260 ## - PUBLICATION, DISTRIBUTION, ETC.
Place of publication, distribution, etc. М. :
Name of publisher, distributor, etc. Госполитиздат,
Date of publication, distribution, etc. 1957.
300 ## - PHYSICAL DESCRIPTION
Extent 70 с. ;
Dimensions 20 см.
504 ## - BIBLIOGRAPHY, ETC. NOTE
Bibliography, etc. note Вспомог. указ.: с. 57-67
650 14 - SUBJECT ADDED ENTRY--TOPICAL TERM
Topical term or geographic name entry element Отраслевые библиографии
653 0# - INDEX TERM--UNCONTROLLED
Uncontrolled term Большевистская периодическая печать
710 2# - ADDED ENTRY--CORPORATE NAME
Corporate name or jurisdiction name as entry element Институт марксизма-ленинизма при ЦК КПСС
Holdings
Withdrawn status Lost status Damaged status Not for loan Collection Home library Current library Date acquired Total checkouts Full call number Barcode Date last seen Price effective from Koha item type Public note Source of classification or shelving scheme
        General Fundamental Scientific Library Fundamental Scientific Library 02/03/2020   РД II/67456 FL0621207 02/03/2020 02/03/2020 Գրքեր / Books 30 Days Loan  
          Fundamental Scientific Library Fundamental Scientific Library 08/06/2020   РII/35890 FL0626222 08/06/2020 08/06/2020 Գրքեր / Books 30 Days Loan Universal Decimal Classification


ՀՀ ԳԱԱ հիմնարար գիտական գրադարան
ՀՀ,Երևան 0019
Մարշալ Բաղրամյան 24/6
հեռախոս:(374-10) 52-47-50
Հետադարձ կապ

All site content, except where otherwise noted, is licensed under a
Creative Commons License